000 00526nam a2200169 4500
001 133355
003 ES-MaACL
005 20230906194402.0
007 t|
008 070214s1981 sp r ||||1| spa d
100 1 _aRudé, George (
_d1910-1993)
_9100484
245 1 0 _aRevuelta popular y conciencia de clase /
_cGeorge Rudé ; traducción de Jordi Beltrán.
260 _aBarcelona :
_bCrítica,
_c1981.
300 _a242 p. ;
_c20 cm.
700 1 _aBeltrán, Jordi (
_d1941-)
_927364
852 _aES-MaACL
_jL-1137
_bR.101827
999 _c133355
_d133355